NFL Draft 2011 Quarterbacks Drafted - Statistics

General Stats
  • This quiz has been taken 24 times
  • The average score is 5 of 13
Answer Stats
Round Player Team College % Correct
1 Cam Newton Panthers Auburn
100%
2 Colin Kaepernick 49ers Nevada
71%
2 Andy Dalton Bengals Texas Christian
67%
1 Blaine Gabbert Jaguars Missouri
52%
1 Christian Ponder Vikings Florida State
52%
1 Jake Locker Titans Washington
48%
6 Tyrod Taylor Ravens Virginia Tech
33%
Supplemental Terrelle Pryor Raiders Ohio State
29%
7 Greg McElroy Jets Alabama
14%
3 Ryan Mallett Patriots Arkansas
14%
5 T.J. Yates Texans North Carolina
14%
5 Nathan Enderle Bears Idaho
5%
5 Ricky Stanzi Chiefs Iowa
5%
No matching quizzes found
Score Distribution
Percent of People with Each Score
Percentile by Number Answered
Your Score History
You have not taken this quiz